| 000 | 01017nam a2200241 a 4500 | ||
|---|---|---|---|
| 001 | 43592 | ||
| 003 | BD-RjUL | ||
| 005 | 20220329105820.0 | ||
| 008 | 160625s1966 bg ||||| |||| 00| j ben d | ||
| 020 | _c: Tk. 3.25 | ||
| 035 | _a(BD-RjUL) 43710 | ||
| 040 |
_aBD-RjUL _bben _cBD-RjUL |
||
| 041 | _aben | ||
| 082 |
_223 _a891.443 _bISS 1966 |
||
| 100 | 1 |
_aইসলাম, কাজী নজরুল _9117928 |
|
| 245 | 1 | 0 |
_aশ্রেষ্ঠ গল্প / _cকাজী নজরুল ইসলাম ; আবুল হাসান শামসুদ্দীন,সম্পাদনায় |
| 260 |
_aঢাকা : _bপ্রকাশ ভবন, _c১৯৬১,১৯৬৬ (মুদ্রণ) |
||
| 300 |
_a[৭], ১২৮ পৃ. ; _c২১ সেমি. |
||
| 650 |
_aবাংলা ছোট গল্প _9121085 |
||
| 650 |
_aBengali Short Story _9125847 |
||
| 700 |
_aশামসুদ্দীন, আবুল হাসান, সম্পাদনায় _92115 |
||
| 942 |
_2ddc _cBK |
||
| 999 |
_c43592 _d43592 |
||